00246nam a2200109Ia 4500100002900000654001500029245003100044260002800075082001300103300000800116546001200124 aZe-nian/Li/ Drew/mark S  amultimedia aFundamentals of Multimedia bPearson Educationc2004 a4.65bLI a560 aENGLISH